| 000 | 00585nam a22001937a 4500 | ||
|---|---|---|---|
| 005 | 20260515114933.0 | ||
| 008 | 221103b ||||| |||| 00| 0 eng d | ||
| 040 |
_aIN-DiNC _cIN-DiNC |
||
| 041 | _dasm | ||
| 082 |
_a954.162 _bMAH |
||
| 100 |
_aMahanta, Manash Kumar _eauthor |
||
| 245 |
_aAsamiya jatiyatabadr itihas: _bYandabo sandhirpora bartamanoloike/ _cby Manash Kumar Mahanta |
||
| 250 | _a1st ed. | ||
| 260 |
_aGuwahati: _bJagaran sahitya prakashan, _c2017. |
||
| 300 | _a197p. | ||
| 650 | _aHistory of Assamese nationalism | ||
| 650 | _aTreaty of Yandabo | ||
| 942 |
_2ddc _cBK |
||
| 999 |
_c11423 _d11423 |
||